Handbook of fillers and reinforcements for plastics (Record no. 36052)

MARC details
000 -LEADER
fixed length control field 00346nam a2200121Ia 4500
082 ## - DEWEY DECIMAL CLASSIFICATION NUMBER
Classification number 678.5:678.046(035)
Item number KAT;1
245 #0 - TITLE STATEMENT
Title Handbook of fillers and reinforcements for plastics
260 ## - PUBLICATION, DISTRIBUTION, ETC. (IMPRINT)
Place of publication New York
Name of publisher Van Nostrand
Year of publication 1978
700 ## - ADDED ENTRY--PERSONAL NAME
Personal name Katz, Harry S
700 ## - ADDED ENTRY--PERSONAL NAME
Personal name Milewski, John V
942 ## - ADDED ENTRY ELEMENTS (KOHA)
Koha item type Books
Holdings
Withdrawn status Lost status Damaged status Not for loan Home library Current library Date acquired Cost, normal purchase price Full call number Accession Number Koha item type
        RRII Library RRII Library 16/12/2021 44.95 678.5:678.046(035) KAT;1 16468 Books